000 00582nam a2200241Ia 4500
003 OSt
005 20220924144443.0
006 a|||||r|||| 00| 0
007 ta
008 220923b |||||||| |||| 00| 0 urd d
020 _c20.00
024 _a314588
037 _cTextual
040 _aARTS
_cARTS
_burd
041 _2urd
_aurd
082 _aO168,1N2512x, M7
100 _aShahid Ahsan
_9217653
245 0 _aSabat
260 _c1987
650 _aURDU POETRY
942 _hO168,1N2512x, M7
_cTEXL
_2CC
999 _c457114
_d457114